000 00494nam a2200169 i 4500
001 69906
003 ES-MaACL
005 20230906170645.0
007 t|
008 040713s1972 sp ||||1| spa d
100 1 _aGarcía Lorca, Francisco.
_954859
245 1 0 _aDe Fray Luis a San Juan
_b: ; La escondida senda /
_cFrancisco García Lorca.
260 _aMadrid :
_bCastalia,
_c[1972]
300 _a254 p. ;
_c23 cm.
740 3 _aLa escondida senda.
852 _aES-MaACL
_jC-49398
_bR.84185
999 _c69906
_d69906